Foursomes from Sets (TV) II Quiz Stats

 Plays Quiz Updated Aug 26, 2013

Challenge
Share
Tweet
Score 0/84 Timer 10:00
0 Plays Today
% Correct
Seinfeld - JGEK
97.8%
Seinfeld - JGEK
97.8%
Seinfeld - JGEK
97.8%
Seinfeld - JGEK
97.8%
Teenage Mutant Ninja Turtles - LMRD
91%
Teenage Mutant Ninja Turtles - LMRD
91%
Teenage Mutant Ninja Turtles - LMRD
91%
Teenage Mutant Ninja Turtles - LMRD
91%
The Fantastic Four - TIMH
86.8%
The Fantastic Four - TIMH
86.8%
The Fantastic Four - TIMH
86.8%
The Fantastic Four - TIMH
86.8%
The Flintstones - BWFB
79.4%
The Flintstones - BWFB
79.4%
The Flintstones - BWFB
79.4%
The Flintstones - BWFB
79.4%
South Park - SCKK
72.1%
South Park - SCKK
72.1%
South Park - SCKK
72.1%
South Park - SCKK
72.1%
Sex and the City - SMCC
69.7%
Sex and the City - SMCC
69.7%
Sex and the City - SMCC
69.7%
Sex and the City - SMCC
69.7%
Family Guy - JQPC
59.2%
Family Guy - JQPC
59.2%
Family Guy - JQPC
59.2%
Family Guy - JQPC
59.2%
% Correct
The Golden Girls - RDBS
56.9%
The Golden Girls - RDBS
56.9%
The Golden Girls - RDBS
56.9%
The Golden Girls - RDBS
56.9%
I Love Lucy - FLRE
53.6%
I Love Lucy - FLRE
53.6%
I Love Lucy - FLRE
53.6%
I Love Lucy - FLRE
53.6%
The Big Bang Theory - HLSR
49.2%
The Big Bang Theory - HLSR
49.2%
The Big Bang Theory - HLSR
49.2%
The Big Bang Theory - HLSR
49.2%
The A-Team - FMHB
48.5%
The A-Team - FMHB
48.5%
The A-Team - FMHB
48.5%
The A-Team - FMHB
48.5%
Will & Grace - KWGJ
47.1%
Will & Grace - KWGJ
47.1%
Will & Grace - KWGJ
47.1%
Will & Grace - KWGJ
47.1%
Buffy the Vampire Slayer - XGBW
44.1%
Buffy the Vampire Slayer - XGBW
44.1%
Buffy the Vampire Slayer - XGBW
44.1%
Buffy the Vampire Slayer - XGBW
44.1%
The Facts of Life - JTBN
43.1%
The Facts of Life - JTBN
43.1%
The Facts of Life - JTBN
43.1%
The Facts of Life - JTBN
43.1%
% Correct
Desperate Housewives - BSLG
37.3%
Desperate Housewives - BSLG
37.3%
Desperate Housewives - BSLG
37.3%
Desperate Housewives - BSLG
37.3%
Hawaii Five-O - KDSC
27.1%
Hawaii Five-O - KDSC
27.1%
Hawaii Five-O - KDSC
27.1%
Hawaii Five-O - KDSC
27.1%
Arrested Development - MBGL
27.1%
Arrested Development - MBGL
27.1%
Arrested Development - MBGL
27.1%
Arrested Development - MBGL
27.1%
Designing Women - MCJS
16.7%
Designing Women - MCJS
16.7%
Designing Women - MCJS
16.7%
Designing Women - MCJS
16.7%
3rd Rock from the Sun - DHST
9.2%
3rd Rock from the Sun - DHST
9.2%
3rd Rock from the Sun - DHST
9.2%
3rd Rock from the Sun - DHST
9.2%
Big Love - MBBN
9.1%
Big Love - MBBN
9.1%
Big Love - MBBN
9.1%
Big Love - MBBN
9.1%
Daria - HDQJ
8.5%
Daria - HDQJ
8.5%
Daria - HDQJ
8.5%
Daria - HDQJ
8.5%

You're not logged in!

Compare scores with friends on all Sporcle quizzes.
Join for Free
OR
Log In

You Might Also Like...

Show Comments

Extras

Top Quizzes Today


Score Distribution

Your Account Isn't Verified!

In order to create a playlist on Sporcle, you need to verify the email address you used during registration. Go to your Sporcle Settings to finish the process.

Report this User

Report this user for behavior that violates our Community Guidelines.

Details: